[Event "Aeroflot Open 2011 B"]
[Site "Moscu RUS"]
[Date "2011.02.14"]
[Round "7.6"]
[White "Gundavaa, Bayarsaikhan"]
[Black "Kunin, Vitaly"]
[Result "1-0"]
[WhiteElo "2493"]
[BlackElo "2548"]
[PlyCount "133"]
[EventDate "2011.02.08"]
[EventType "swiss"]
[EventRounds "9"]
[EventCountry "RUS"]
[Source "lmi"]
[SourceDate "2011.02.08"]

1. d4 Nf6 2. c4 c5 3. d5 a6 4. Qc2 e6 5. e4 exd5 6. e5 Ng8 7. cxd5 d6 8. f4
dxe5 9. fxe5 Qxd5 10. Nf3 Nc6 11. Nc3 Qe6 12. Qe4 Qf5 13. Be3 Qxe4 14. Nxe4 Bg4
15. Nxc5 Bxc5 16. Bxc5 Bxf3 17. gxf3 Nxe5 18. f4 Ng6 19. Bd6 N8e7 20. Bh3 f5
21. O-O-O Rd8 22. Rhe1 Kf7 23. Bf1 Rc8+ 24. Kb1 Rhd8 25. Bg2 b6 26. Bb7 Rc4 27.
b3 Rc3 28. Bxa6 Nc8 29. Bb4 Rxd1+ 30. Rxd1 Rc7 31. Bc4+ Ke8 32. Rd4 Nge7 33.
Bb5+ Kf7 34. Kb2 g6 35. a4 Na7 36. Bc4+ Ke8 37. Bd6 Rc8 38. Rd2 Rd8 39. Kc3
Nac8 40. Be5 Rxd2 41. Kxd2 Kd7 42. Bd4 Kc6 43. b4 Nd6 44. b5+ Kc7 45. Be6 Ne4+
46. Kd3 Kd6 47. Bb3 Nc5+ 48. Kc4 Nxb3 49. Kxb3 Nd5 50. Kc4 Ke6 51. a5 bxa5 52.
b6 Ne7 53. b7 Nc6 54. Be5 g5 55. Kc5 Kd7 56. fxg5 a4 57. b8=Q Nxb8 58. Bxb8 a3
59. Kd5 a2 60. Be5 Ke7 61. h4 Kf7 62. h5 h6 63. g6+ Ke7 64. Bc3 f4 65. Ke4 f3
66. Kxf3 Ke6 67. Ke4 1-0

[Event "Aeroflot Open 2011 B"]
[Site "Moscu RUS"]
[Date "2011.02.14"]
[Round "7.7"]
[White "Pridorozhni, Aleksei"]
[Black "Petrosian, Davit G"]
[Result "1/2-1/2"]
[WhiteElo "2543"]
[BlackElo "2485"]
[PlyCount "113"]
[EventDate "2011.02.08"]
[EventType "swiss"]
[EventRounds "9"]
[EventCountry "RUS"]
[Source "lmi"]
[SourceDate "2011.02.08"]

1. e4 e6 2. d4 d5 3. e5 c5 4. c3 Nc6 5. Nf3 Nh6 6. Bxh6 gxh6 7. Be2 Qb6 8. Qd2
Bg7 9. O-O O-O 10. Na3 cxd4 11. cxd4 f6 12. exf6 Rxf6 13. Nc2 Bd7 14. b4 Be8
15. b5 Ne7 16. Ne5 Ng6 17. Ng4 Rf8 18. g3 Rc8 19. a4 Qc7 20. Bd3 Qc3 21. Qe2 h5
22. Nge3 Bxd4 23. Nxd4 Qxd4 24. Rad1 Qg7 25. Ng2 Ne5 26. Nh4 Nxd3 27. Rxd3 Bf7
28. Nf3 Rc4 29. Re3 Rxa4 30. Ne5 Be8 31. Rc1 Raf4 32. Rc8 R4f5 33. Nf3 d4 34.
Rxe6 d3 35. Qxd3 Rxf3 36. Qxf3 Rxf3 37. Rexe8+ Rf8 38. Rxf8+ Qxf8 39. Rxf8+
Kxf8 40. f4 Ke7 41. Kf2 h4 42. Ke3 h5 43. Kd4 Ke6 44. Kc4 Kd6 45. Kd4 h3 46.
Kc4 Ke6 47. Kc5 Kf5 48. Kd6 a5 49. bxa6 bxa6 50. Kc5 h4 51. gxh4 Kxf4 52. Kb6
Kg4 53. Kxa6 Kxh4 54. Kb5 Kg4 55. Kc4 Kf3 56. Kd3 Kg2 57. Ke2 1/2-1/2

[Event "Aeroflot Open 2011 B"]
[Site "Moscu RUS"]
[Date "2011.02.14"]
[Round "7.8"]
[White "Bogdanovich, Stanislav"]
[Black "Stupak, Kirill"]
[Result "1/2-1/2"]
[WhiteElo "2484"]
[BlackElo "2527"]
[PlyCount "102"]
[EventDate "2011.02.08"]
[EventType "swiss"]
[EventRounds "9"]
[EventCountry "RUS"]
[Source "lmi"]
[SourceDate "2011.02.08"]

1. e4 e6 2. d4 d5 3. Nd2 Nc6 4. Ngf3 Nf6 5. e5 Nd7 6. Nb3 a5 7. a4 b6 8. Bb5
Ncb8 9. O-O Be7 10. Bf4 O-O 11. Rc1 c6 12. Bd3 Ba6 13. Bg3 Bxd3 14. Qxd3 c5 15.
c4 Nc6 16. cxd5 Nb4 17. Qe2 Nxd5 18. Rc4 Qb8 19. dxc5 bxc5 20. Nfd2 Rc8 21. Re4
N7b6 22. Qb5 Qa7 23. Qe2 Rab8 24. Nc1 Qd7 25. Qg4 Kh8 26. Bh4 Bxh4 27. Qxh4 f5
28. exf6 Nxf6 29. Re2 Nxa4 30. Nc4 Rb4 31. Na2 Qd3 32. Nxb4 Qxe2 33. Nc6 Rxc6
34. Nxa5 Rd6 35. Qxa4 Qxb2 36. Nc4 Qd4 37. Qb3 Rd8 38. Qb6 Re8 39. Ne3 Qe5 40.
Qc6 Rf8 41. Qf3 Kg8 42. Qg3 Qxg3 43. hxg3 Ne4 44. g4 Nc3 45. Ra1 Rc8 46. Nc4
Rc7 47. f3 Kf7 48. Kf2 Ke7 49. g5 Nb5 50. Rh1 Kf7 51. Ne5+ Ke7 1/2-1/2

[Event "Aeroflot Open 2011 B"]
[Site "Moscu RUS"]
[Date "2011.02.14"]
[Round "7.9"]
[White "Zhao, Xue"]
[Black "Gavrilov, Alexei"]
[Result "0-1"]
[WhiteElo "2494"]
[BlackElo "2484"]
[PlyCount "74"]
[EventDate "2011.02.08"]
[EventType "swiss"]
[EventRounds "9"]
[EventCountry "RUS"]
[Source "lmi"]
[SourceDate "2011.02.08"]

1. d4 d5 2. c4 c6 3. Nf3 Nf6 4. Nc3 a6 5. e3 b5 6. b3 Bg4 7. Bd2 Nbd7 8. h3 Bh5
9. cxd5 cxd5 10. g4 Bg6 11. g5 Ne4 12. Nxd5 Nxd2 13. Nxd2 e6 14. Nf4 Qxg5 15.
h4 Qf6 16. a4 bxa4 17. h5 Bf5 18. Qf3 Rb8 19. Rxa4 Bb4 20. Rxa6 O-O 21. Nd5
Bxd2+ 22. Kxd2 Qd8 23. b4 Nf6 24. Nxf6+ Qxf6 25. Bd3 Qe7 26. e4 Qxb4+ 27. Ke2
Qxd4 28. exf5 e5 29. Qe3 Qg4+ 30. Kf1 Rfd8 31. Ra1 h6 32. Qe4 Qg5 33. f6 Qxf6
34. Ra7 Kf8 35. Rh3 Qe6 36. Ra6 Qd7 37. Qf5 Qxf5 0-1

[Event "Aeroflot Open 2011 B"]
[Site "Moscu RUS"]
[Date "2011.02.14"]
[Round "7.10"]
[White "Obolenskikh, Dmitry"]
[Black "Gabrielian, Artur"]
[Result "1/2-1/2"]
[WhiteElo "2567"]
[BlackElo "2543"]
[PlyCount "58"]
[EventDate "2011.02.08"]
[EventType "swiss"]
[EventRounds "9"]
[EventCountry "RUS"]
[Source "lmi"]
[SourceDate "2011.02.08"]

1. Nf3 Nf6 2. c4 g6 3. Nc3 d5 4. cxd5 Nxd5 5. e4 Nxc3 6. dxc3 Qxd1+ 7. Kxd1 Bg4
8. Be2 Nc6 9. h3 Bd7 10. Kc2 e5 11. Be3 f5 12. b4 f4 13. Bd2 Bd6 14. Bc4 Rf8
15. a3 h6 16. Ne1 O-O-O 17. f3 g5 18. Nd3 Ne7 19. Bb3 Ng6 20. c4 c6 21. c5 Bc7
22. Bc3 Rde8 23. Rad1 Be6 24. Bxe6+ Rxe6 25. a4 Nh4 26. Rd2 h5 27. Nb2 Rd8 28.
Re2 Ng6 29. Nc4 Rd7 1/2-1/2

[Event "Aeroflot Open 2011 B"]
[Site "Moscu RUS"]
[Date "2011.02.14"]
[Round "7.11"]
[White "Panarin, Mikhail"]
[Black "Lushenkov, Mikhail"]
[Result "1/2-1/2"]
[WhiteElo "2533"]
[BlackElo "2451"]
[PlyCount "132"]
[EventDate "2011.02.08"]
[EventType "swiss"]
[EventRounds "9"]
[EventCountry "RUS"]
[Source "lmi"]
[SourceDate "2011.02.08"]

1. e4 e5 2. Nf3 Nc6 3. d4 exd4 4. Nxd4 Bc5 5. Nxc6 Qf6 6. Qf3 bxc6 7. Nd2 Qxf3
8. gxf3 Nf6 9. Nb3 Bb4+ 10. c3 Be7 11. Nd4 g6 12. Bh6 a5 13. O-O-O a4 14. Bh3
Ba6 15. Rd2 Bc4 16. Kb1 c5 17. e5 Nd5 18. Nc2 Nb6 19. Ne3 Be6 20. Bxe6 fxe6 21.
c4 Bf8 22. Bg5 Bg7 23. f4 h6 24. Bh4 O-O 25. Bg3 h5 26. Rg1 Kh8 27. Rgd1 Rf7
28. b3 Rff8 29. Ng2 axb3 30. axb3 Ra3 31. Kc2 Rfa8 32. Ne3 Kg8 33. Bh4 Bh6 34.
Ng2 Kf8 35. Bg5 Ra2+ 36. Kc3 Bxg5 37. fxg5 Rxd2 38. Rxd2 Ra1 39. Nf4 Kf7 40.
Rd3 Rh1 41. Rf3 Kg7 42. h3 Rg1 43. h4 Rg4 44. Nd3 Rxh4 45. Nxc5 Rg4 46. Rd3
Rxg5 47. Nxd7 h4 48. Nxb6 cxb6 49. Rh3 Rxe5 50. Rxh4 b5 51. Kb4 bxc4 52. bxc4
Rf5 53. c5 Rxf2 54. c6 Rf8 55. Re4 Rb8+ 56. Kc5 Kf6 57. c7 Rc8 58. Kd6 Kf5 59.
Rc4 g5 60. Kd7 Rxc7+ 61. Rxc7 g4 62. Kd6 g3 63. Rf7+ Ke4 64. Kxe6 g2 65. Rg7
Kf3 66. Rxg2 Kxg2 1/2-1/2

[Event "Aeroflot Open 2011 B"]
[Site "Moscu RUS"]
[Date "2011.02.14"]
[Round "7.12"]
[White "Shukh, Nikolai"]
[Black "Pavlov, Sergey"]
[Result "0-1"]
[WhiteElo "2442"]
[BlackElo "2530"]
[PlyCount "96"]
[EventDate "2011.02.08"]
[EventType "swiss"]
[EventRounds "9"]
[EventCountry "RUS"]
[Source "lmi"]
[SourceDate "2011.02.08"]

1. d4 Nf6 2. c4 e6 3. Nf3 c5 4. d5 exd5 5. cxd5 d6 6. Nc3 g6 7. g3 Bg7 8. Bg2
O-O 9. O-O Re8 10. Nd2 a6 11. a4 Nbd7 12. h3 Rb8 13. Nc4 Nb6 14. Na3 Bd7 15. e4
Nxa4 16. Nxa4 b5 17. Bf4 bxa4 18. Bxd6 Rxb2 19. e5 Nh5 20. Re1 Rb3 21. Qc1 Nxg3
22. fxg3 Rxg3 23. Qf4 Rg5 24. Kh2 Rf5 25. Qg3 h5 26. Re4 Rg5 27. Qe1 f6 28.
Bxc5 Rgxe5 29. Rxe5 Rxe5 30. Qf2 Qe8 31. Ra2 Rf5 32. Qd4 Bh6 33. Bd6 Qe1 34.
Bg3 Be3 35. Bxe1 Bxd4 36. Bg3 g5 37. Rc2 h4 38. Bd6 Rf2 39. Rxf2 Bxf2 40. Bf1
f5 41. Bxa6 f4 42. Kg2 Bg3 43. Bc5 g4 44. d6 gxh3+ 45. Kf1 h2 46. Bb7 Bh3+ 47.
Ke2 f3+ 48. Bxf3 Bg4 0-1

[Event "Aeroflot Open 2011 B"]
[Site "Moscu RUS"]
[Date "2011.02.14"]
[Round "7.13"]
[White "Iljushin, Alexei"]
[Black "Badmatsyrenov, Oleg"]
[Result "1-0"]
[WhiteElo "2527"]
[BlackElo "2449"]
[PlyCount "73"]
[EventDate "2011.02.08"]
[EventType "swiss"]
[EventRounds "9"]
[EventCountry "RUS"]
[Source "lmi"]
[SourceDate "2011.02.08"]

1. d4 Nf6 2. c4 e6 3. Nc3 c5 4. d5 exd5 5. cxd5 d6 6. Nf3 g6 7. g3 Bg7 8. Bg2
Na6 9. O-O Nc7 10. e4 O-O 11. h3 Nd7 12. Bf4 Ne8 13. Bg5 Bf6 14. h4 a6 15. a4
Ra7 16. Re1 b6 17. Rc1 Bxg5 18. hxg5 f6 19. Qd2 Ne5 20. gxf6 Nxf3+ 21. Bxf3
Nxf6 22. Bg2 Rg7 23. e5 dxe5 24. Rxe5 Ng4 25. Re2 h5 26. Ne4 Rf5 27. d6 a5 28.
Rce1 Ba6 29. Nxc5 Bxe2 30. Ne6 Qf6 31. Rxe2 Rd7 32. f4 Rc5 33. Nxc5 bxc5 34.
Re6 Qf7 35. Bc6 Rd8 36. d7 Kh7 37. Qd6 1-0

[Event "Aeroflot Open 2011 B"]
[Site "Moscu RUS"]
[Date "2011.02.14"]
[Round "7.14"]
[White "Smirnov, Pavel"]
[Black "Dimakiling, Oliver"]
[Result "1-0"]
[WhiteElo "2523"]
[BlackElo "2432"]
[PlyCount "101"]
[EventDate "2011.02.08"]
[EventType "swiss"]
[EventRounds "9"]
[EventCountry "RUS"]
[Source "lmi"]
[SourceDate "2011.02.08"]

1. e4 d6 2. d4 g6 3. Nc3 Bg7 4. f4 a6 5. Nf3 Nd7 6. e5 Nb6 7. Bd3 Nh6 8. Ne4
O-O 9. h4 Bg4 10. h5 Qd7 11. Nf2 dxe5 12. dxe5 Bf5 13. Qe2 Rad8 14. Bd2 Bxd3
15. Nxd3 Nf5 16. Rh3 Qd5 17. g4 Nh6 18. Rh4 f5 19. hxg6 hxg6 20. g5 Ng4 21. Bb4
Rfe8 22. b3 a5 23. Bc3 Qc6 24. Bxa5 Nd5 25. Bd2 Nde3 26. Rc1 Nxc2+ 27. Kf1 Qa6
28. Rxc2 Rxd3 29. Ne1 Rd5 30. Qxa6 bxa6 31. Rh3 Red8 32. Bc1 R8d7 33. Rhc3 Nxe5
34. fxe5 Bxe5 35. Rc5 Rxc5 36. Rxc5 Bg3 37. Nf3 Bd6 38. Ne5 Rd8 39. Rd5 e6 40.
Rd3 Rb8 41. Nc4 Bf8 42. Bf4 Rc8 43. Rd7 c5 44. Ne5 a5 45. Nxg6 a4 46. bxa4 Ra8
47. Nxf8 Kxf8 48. g6 Rxa4 49. Bh6+ Ke8 50. g7 Rg4 51. Rc7 1-0

[Event "Aeroflot Open 2011 B"]
[Site "Moscu RUS"]
[Date "2011.02.14"]
[Round "7.15"]
[White "Khachiyan, Melikset"]
[Black "Predke, Alexandr"]
[Result "0-1"]
[WhiteElo "2518"]
[BlackElo "2415"]
[PlyCount "110"]
[EventDate "2011.02.08"]
[EventType "swiss"]
[EventRounds "9"]
[EventCountry "RUS"]
[Source "lmi"]
[SourceDate "2011.02.08"]

1. e4 e5 2. Nf3 Nc6 3. Bb5 a6 4. Bxc6 dxc6 5. Nc3 f6 6. d4 exd4 7. Nxd4 c5 8.
Nde2 Qxd1+ 9. Nxd1 Bd6 10. Bf4 Ne7 11. Ne3 Be6 12. O-O-O O-O-O 13. Bxd6 cxd6
14. Nf4 Bf7 15. Rd2 Kc7 16. h4 h5 17. Rh3 Kc6 18. c4 b5 19. Rg3 Rhg8 20. Nfd5
Bxd5 21. Nxd5 Nxd5 22. exd5+ Kd7 23. Re2 bxc4 24. f4 g5 25. fxg5 fxg5 26. hxg5
Rdf8 27. Re6 Rf5 28. g6 Rxd5 29. Rf6 Rg7 30. Rgf3 Ke7 31. Rf7+ Rxf7 32. gxf7
Kf8 33. Rf6 a5 34. a4 h4 35. Kc2 Rd4 36. Kc3 d5 37. Rf5 Rd1 38. Kc2 Rd3 39. b3
Rd4 40. bxc4 Rxc4+ 41. Kb3 Rb4+ 42. Kc2 Rxa4 43. Rxd5 Rc4+ 44. Kb3 Rg4 45. Rxc5
a4+ 46. Ka3 Kxf7 47. Rc2 Kg6 48. Rf2 Kg7 49. Kb2 Rg3 50. Rf4 Rxg2+ 51. Kc3 h3
52. Rxa4 h2 53. Rh4 Kg6 54. Rh8 Kg5 55. Kd3 Kf4 0-1

[Event "Aeroflot Open 2011 B"]
[Site "Moscu RUS"]
[Date "2011.02.14"]
[Round "7.16"]
[White "Lu, Shanglei"]
[Black "Durarbeyli, Vasif"]
[Result "1/2-1/2"]
[WhiteElo "2416"]
[BlackElo "2504"]
[PlyCount "91"]
[EventDate "2011.02.08"]
[EventType "swiss"]
[EventRounds "9"]
[EventCountry "RUS"]
[Source "lmi"]
[SourceDate "2011.02.08"]

1. e4 c5 2. Nf3 d6 3. d4 cxd4 4. Nxd4 Nf6 5. f3 Nc6 6. c4 g6 7. Be3 Bg7 8. Qd2
O-O 9. Nc3 Nxd4 10. Bxd4 Qa5 11. Be2 Be6 12. Rc1 Rfc8 13. b3 a6 14. O-O b5 15.
cxb5 axb5 16. Kh1 Nd7 17. Bxg7 Kxg7 18. Bxb5 Nf6 19. Ba4 h5 20. f4 Ra7 21. f5
Bd7 22. Qd4 Bxa4 23. Nxa4 Rac7 24. Rxc7 Rxc7 25. fxg6 fxg6 26. Nb6 Qa7 27. Qf2
Rc6 28. e5 dxe5 29. Nc4 Qb8 30. Qg3 Re6 31. Re1 Nd7 32. h3 Rf6 33. Qd3 Qc7 34.
Qd5 Rf5 35. a4 Nf6 36. Qa5 Qb8 37. Qb6 Qc8 38. Nxe5 Qc3 39. Nf3 Rxf3 40. Rxe7+
Kh6 41. gxf3 Nd5 42. Qa7 Qxf3+ 43. Kh2 Qf4+ 44. Kh1 Qc1+ 45. Kh2 Qb2+ 46. Kh1
1/2-1/2

[Event "Aeroflot Open 2011 B"]
[Site "Moscu RUS"]
[Date "2011.02.14"]
[Round "7.17"]
[White "Ismagambetov, Anuar"]
[Black "Feuerstack, Aljoscha"]
[Result "1/2-1/2"]
[WhiteElo "2499"]
[BlackElo "2404"]
[PlyCount "94"]
[EventDate "2011.02.08"]
[EventType "swiss"]
[EventRounds "9"]
[EventCountry "RUS"]
[Source "lmi"]
[SourceDate "2011.02.08"]

1. e4 c6 2. Nc3 d5 3. Nf3 Bg4 4. h3 Bxf3 5. Qxf3 e6 6. g3 Nf6 7. Bg2 Nbd7 8. d3
Bb4 9. O-O O-O 10. Nb1 Re8 11. Qe2 dxe4 12. dxe4 e5 13. Nd2 Qb6 14. Nb3 Rad8
15. Rd1 Qc7 16. Be3 Bf8 17. a4 Nb6 18. Re1 g6 19. Bf1 Bg7 20. Qf3 Nfd7 21. Bg5
Ra8 22. Red1 Nf8 23. a5 Nbd7 24. Rd2 Ne6 25. Be3 Ndf8 26. c3 Red8 27. Qe2 Bf6
28. h4 Be7 29. Rxd8 Qxd8 30. f3 b5 31. Rd1 Qc7 32. Qf2 Nd7 33. f4 Nf6 34. Qf3
exf4 35. gxf4 Nh5 36. e5 Rd8 37. Rxd8+ Bxd8 38. Qf2 Qd7 39. Be2 Nhg7 40. Bg4
Qd5 41. Nc5 Bxa5 42. Nxe6 Nxe6 43. Bxa7 Qe4 44. Be3 b4 45. cxb4 Bxb4 46. h5
Qxe3 47. Qxe3 Bc5 1/2-1/2

[Event "Aeroflot Open 2011 B"]
[Site "Moscu RUS"]
[Date "2011.02.14"]
[Round "7.18"]
[White "Lou, Yiping"]
[Black "Xu, Jun"]
[Result "0-1"]
[WhiteElo "2494"]
[BlackElo "2494"]
[PlyCount "98"]
[EventDate "2011.02.08"]
[EventType "swiss"]
[EventRounds "9"]
[EventCountry "RUS"]
[Source "lmi"]
[SourceDate "2011.02.08"]

1. Nf3 c5 2. c4 Nc6 3. d4 cxd4 4. Nxd4 g6 5. e4 Nf6 6. Nc3 d6 7. Be2 Nxd4 8.
Qxd4 Bg7 9. Bg5 O-O 10. Qd2 a5 11. Rc1 a4 12. f3 Be6 13. Nb5 Bd7 14. Nd4 Be8
15. O-O Nd7 16. Rfd1 Nc5 17. Be3 Qa5 18. Qc2 Bd7 19. Bf1 Rfc8 20. Qb1 Ne6 21.
Ne2 Nc5 22. Nd4 Bf6 23. Kh1 h5 24. Rc2 Na6 25. a3 Nc5 26. Ne2 Nb3 27. Nf4 Bc6
28. Nd5 Bxd5 29. Rxd5 Qc7 30. Qd1 Ra5 31. g3 Rxd5 32. exd5 Qd7 33. Qd3 Nc5 34.
Bxc5 Rxc5 35. b4 axb3 36. Qxb3 Qc7 37. Kg2 Qa5 38. Qxb7 Qxa3 39. Qb1 Ra5 40.
Qd1 Qc5 41. Qe2 Qa7 42. f4 Ra3 43. f5 Re3 44. Qf2 Qd4 45. fxg6 Qe4+ 46. Kh3 Rf3
47. gxf7+ Kxf7 48. Qe2 Qf5+ 49. Kg2 Rxf1 0-1

[Event "Aeroflot Open 2011 B"]
[Site "Moscu RUS"]
[Date "2011.02.14"]
[Round "7.19"]
[White "Reshetnikov, Alexey"]
[Black "Kanter, Eduard"]
[Result "1-0"]
[WhiteElo "2478"]
[BlackElo "2429"]
[PlyCount "83"]
[EventDate "2011.02.08"]
[EventType "swiss"]
[EventRounds "9"]
[EventCountry "RUS"]
[Source "lmi"]
[SourceDate "2011.02.08"]

1. Nf3 Nf6 2. c4 c5 3. d4 cxd4 4. Nxd4 Nc6 5. Nc3 g6 6. e4 d6 7. Be2 Nxd4 8.
Qxd4 Bg7 9. O-O O-O 10. Qe3 Nd7 11. Bd2 a5 12. b3 Nc5 13. Rac1 Bd7 14. f3 Ne6
15. Kh1 Nd4 16. Bd3 Bc6 17. f4 f5 18. exf5 gxf5 19. Nd5 e5 20. Bc3 Kh8 21. Bxd4
exd4 22. Qh3 Bxd5 23. cxd5 Qf6 24. Rfe1 Qh6 25. Qf3 Rae8 26. g3 Qg6 27. Bb5 Re4
28. Re2 Rxe2 29. Qxe2 Qg4 30. Qd3 h5 31. Bd7 h4 32. Rc8 Rxc8 33. Bxc8 Qh5 34.
Kg2 hxg3 35. hxg3 Qe8 36. Be6 Qh5 37. Bxf5 a4 38. bxa4 Qe8 39. Qd1 Kg8 40. Be6+
Kf8 41. Qc2 Ke7 42. Qc7+ 1-0

[Event "Aeroflot Open 2011 B"]
[Site "Moscu RUS"]
[Date "2011.02.14"]
[Round "7.20"]
[White "Karpatchev, Aleksandr"]
[Black "Gabuzyan, Hovhannes"]
[Result "0-1"]
[WhiteElo "2474"]
[BlackElo "2380"]
[PlyCount "112"]
[EventDate "2011.02.08"]
[EventType "swiss"]
[EventRounds "9"]
[EventCountry "RUS"]
[Source "lmi"]
[SourceDate "2011.02.08"]

1. e4 c5 2. c3 Nf6 3. e5 Nd5 4. Nf3 Nc6 5. Bc4 Nb6 6. Bb3 c4 7. Bc2 Qc7 8. Qe2
g5 9. Na3 g4 10. Nb5 Qb8 11. Nh4 Nxe5 12. O-O a6 13. Nd4 d6 14. f4 Nd3 15. b3
Qc7 16. bxc4 Nxc1 17. Raxc1 Qxc4 18. Bd3 Qc5 19. Kh1 Bg7 20. Nhf5 Bxf5 21. Nxf5
Bf6 22. Qxg4 e6 23. Qe2 O-O-O 24. Nd4 Rd7 25. Nb3 Qa3 26. Rb1 Rc7 27. Qh5 d5
28. h3 h6 29. Qe2 Nc4 30. Qf2 Qxa2 31. Bxc4 dxc4 32. Nc5 Be7 33. Ne4 f5 34. Ng3
Rd8 35. Qe3 Rd6 36. Rfd1 Qc2 37. Nf1 Qa4 38. Qa7 Rd8 39. Qe3 Rd6 40. Qa7 Qc6
41. Qa8+ Kd7 42. Qh8 Rd3 43. Qxh6 Kc8 44. Re1 Rcd7 45. Re2 R7d6 46. Rbe1 e5 47.
Qh7 Rxh3+ 48. Qxh3 Rh6 49. Re3 Bc5 50. Nh2 Rxh3 51. Rxh3 e4 52. Rh5 Qg6 53. Rg5
Qh6 54. Re2 Qe6 55. g4 e3 56. Rxf5 Qc6+ 0-1

[Event "Aeroflot Open 2011 B"]
[Site "Moscu RUS"]
[Date "2011.02.14"]
[Round "7.21"]
[White "Batchuluun, Tsegmed"]
[Black "Kuderinov, Kirill"]
[Result "1/2-1/2"]
[WhiteElo "2424"]
[BlackElo "2469"]
[PlyCount "110"]
[EventDate "2011.02.08"]
[EventType "swiss"]
[EventRounds "9"]
[EventCountry "RUS"]
[Source "lmi"]
[SourceDate "2011.02.08"]

1. d4 Nf6 2. c4 e6 3. Nc3 Bb4 4. e3 O-O 5. Bd3 b6 6. Nge2 Bb7 7. O-O d5 8. cxd5
exd5 9. a3 Bd6 10. Ng3 Bxg3 11. hxg3 c5 12. Be2 Nbd7 13. b3 Qe7 14. Bb2 Rac8
15. Rc1 Rfd8 16. Rc2 c4 17. Re1 a6 18. Bf3 b5 19. bxc4 Rxc4 20. Be2 Rcc8 21.
Nb1 Nb6 22. Bc3 Nc4 23. Bb4 Qe6 24. Bf3 a5 25. Bc5 Nd7 26. Nd2 Nxc5 27. dxc5
Nxa3 28. Ra2 b4 29. Nb3 Qa6 30. Qd4 Bc6 31. Rd1 Rb8 32. Qf4 a4 33. Nd4 Be8 34.
Bxd5 Rbc8 35. Nf5 Qf6 36. e4 g6 37. Nd6 Qxf4 38. gxf4 Rxc5 39. Nxe8 Rxe8 40.
Rb2 Rec8 41. Rdd2 Rc1+ 42. Kh2 R8c4 43. Bxc4 Rxc4 44. Re2 Kg7 45. Red2 Rxe4 46.
Rd8 Rxf4 47. f3 Rh4+ 48. Kg3 g5 49. Ra8 Nc4 50. Rxa4 b3 51. Re2 Nd2 52. Ra5 Rb4
53. Rxd2 b2 54. Rd1 b1=Q 55. Rxb1 Rxb1 1/2-1/2

[Event "Aeroflot Open 2011 B"]
[Site "Moscu RUS"]
[Date "2011.02.14"]
[Round "7.22"]
[White "Hayrapetian, Ovik"]
[Black "Sharafiev, Azat"]
[Result "1-0"]
[WhiteElo "2344"]
[BlackElo "2462"]
[PlyCount "125"]
[EventDate "2011.02.08"]
[EventType "swiss"]
[EventRounds "9"]
[EventCountry "RUS"]
[Source "lmi"]
[SourceDate "2011.02.08"]

1. d4 Nf6 2. Nf3 g6 3. c4 Bg7 4. Nc3 O-O 5. Bg5 c5 6. e3 d6 7. Be2 h6 8. Bh4
cxd4 9. Nxd4 Nc6 10. O-O Bd7 11. Qd2 a6 12. Rfd1 Rb8 13. Rac1 b5 14. Bxf6 Bxf6
15. cxb5 Nxd4 16. exd4 axb5 17. Qxh6 e5 18. Ne4 Bg7 19. Qd2 exd4 20. Bf3 Be6
21. b3 Bf5 22. Ng3 Be6 23. Ne2 Qh4 24. Rc6 Be5 25. h3 Qf6 26. Be4 Bd7 27. Rc2
Qh4 28. f4 Bg7 29. Nxd4 Bxd4+ 30. Qxd4 Qxf4 31. Bf3 Qg5 32. Qd2 Qh4 33. Qf2 Qg5
34. Rd5 Bf5 35. Bg4 Rbc8 36. Rxc8 Rxc8 37. Bxf5 Rc1+ 38. Kh2 gxf5 39. Rxf5 Qg6
40. Qf4 Rc5 41. Rf6 Qg5 42. Rxf7 Qxf4+ 43. Rxf4 Rc2 44. a4 bxa4 45. bxa4 d5 46.
Rd4 Rc5 47. Rb4 Rc4 48. Rb5 d4 49. a5 Kf7 50. a6 Ra4 51. Rd5 Ke6 52. Rd8 Ke7
53. Rd5 Ke6 54. Rg5 Kf6 55. Rh5 Ke7 56. Rh4 Ke6 57. Rh8 Kd6 58. Kg3 Kc5 59. Ra8
Kb6 60. h4 Ra3+ 61. Kf4 d3 62. Rd8 Kxa6 63. Ra8+ 1-0

[Event "Aeroflot Open 2011 B"]
[Site "Moscu RUS"]
[Date "2011.02.14"]
[Round "7.23"]
[White "Lu, Yijie"]
[Black "Barbosa, Oliver"]
[Result "1/2-1/2"]
[WhiteElo "2311"]
[BlackElo "2293"]
[PlyCount "120"]
[EventDate "2011.02.08"]
[EventType "swiss"]
[EventRounds "9"]
[EventCountry "RUS"]
[Source "lmi"]
[SourceDate "2011.02.08"]

1. e4 c6 2. d4 d5 3. Nd2 dxe4 4. Nxe4 Bf5 5. Ng3 Bg6 6. h4 h6 7. Nf3 Nd7 8. h5
Bh7 9. Bd3 Bxd3 10. Qxd3 e6 11. Bd2 Ngf6 12. O-O-O Be7 13. Kb1 O-O 14. Ne4 Nxe4
15. Qxe4 Nf6 16. Qe2 Qd5 17. Be3 Bd6 18. c4 Qf5+ 19. Ka1 a5 20. Rdg1 Ng4 21.
Bc1 e5 22. Nh4 Qe6 23. d5 cxd5 24. cxd5 Qd7 25. f3 Nf6 26. g4 Nxd5 27. g5 hxg5
28. Rxg5 Be7 29. Rg3 Bxh4 30. Rxh4 Rfc8 31. Rh1 Qe6 32. Rhg1 Nb4 33. b3 Rc2 34.
Qe3 Rxa2+ 35. Kb1 Ra1+ 36. Kb2 Ra2+ 37. Kb1 Ra1+ 38. Kb2 Kh8 39. Rxg7 Ra2+ 40.
Kb1 Ra1+ 41. Kb2 Rxc1 42. R7g6 Nd3+ 43. Qxd3 Rxg1 44. Rxe6 fxe6 45. Qe3 Rg2+
46. Ka3 Kg8 47. Qxe5 Re8 48. f4 Rg7 49. f5 Kf7 50. f6 Rgg8 51. Ka4 Rd8 52. h6
Rd5 53. Qc3 Rg4+ 54. Ka3 Rh5 55. Qf3 Rgh4 56. Qxb7+ Kxf6 57. Qg7+ Kf5 58. Qf7+
Ke5 59. Qc7+ Ke4 60. Qb7+ Ke5 1/2-1/2

[Event "Aeroflot Open 2011 B"]
[Site "Moscu RUS"]
[Date "2011.02.14"]
[Round "7.24"]
[White "Sharavdorj, Dashzegve"]
[Black "Arslanov, Shamil"]
[Result "1/2-1/2"]
[WhiteElo "2452"]
[BlackElo "2368"]
[PlyCount "81"]
[EventDate "2011.02.08"]
[EventType "swiss"]
[EventRounds "9"]
[EventCountry "RUS"]
[Source "lmi"]
[SourceDate "2011.02.08"]

1. d4 d5 2. c4 c6 3. Nf3 Nf6 4. Nc3 e6 5. Bg5 dxc4 6. e4 b5 7. e5 h6 8. Bh4 g5
9. Nxg5 hxg5 10. Bxg5 Nbd7 11. g3 Bb7 12. Bg2 Qb6 13. exf6 c5 14. d5 O-O-O 15.
O-O b4 16. Na4 Qb5 17. a3 Ne5 18. axb4 cxb4 19. Qd4 Nc6 20. Nb6+ axb6 21. dxc6
Bxc6 22. Bxc6 Qxc6 23. Qg4 Bc5 24. Ra7 Rd7 25. Rxd7 Kxd7 26. Be3 Bxe3 27. Qg7
Rd8 28. fxe3 Kc8 29. Qxf7 c3 30. bxc3 bxc3 31. Qe7 Rd2 32. Qf8+ Kb7 33. Qg7+
Kc8 34. Qg8+ Kc7 35. Qh7+ Kd6 36. e4 Qc5+ 37. Kh1 Qc4 38. Qe7+ Kc6 39. Qe8+ Kb7
40. Qe7+ Kc6 41. Qe8+ 1/2-1/2

[Event "Aeroflot Open 2011 B"]
[Site "Moscu RUS"]
[Date "2011.02.14"]
[Round "7.25"]
[White "Shaposhnikov, Evgeny"]
[Black "Matinian, Nikita"]
[Result "1-0"]
[WhiteElo "2549"]
[BlackElo "2339"]
[PlyCount "117"]
[EventDate "2011.02.08"]
[EventType "swiss"]
[EventRounds "9"]
[EventCountry "RUS"]
[Source "lmi"]
[SourceDate "2011.02.08"]

1. e4 e5 2. Nf3 Nc6 3. Bc4 Nf6 4. d3 Bc5 5. c3 a6 6. Bb3 Ba7 7. h3 O-O 8. Bg5
d6 9. Nbd2 Ne7 10. Bxf6 gxf6 11. Nh4 Ng6 12. Nf5 Kh8 13. Qf3 c6 14. g3 d5 15.
h4 Bxf5 16. Qxf5 Qd6 17. Rd1 Rad8 18. Nf3 Rg8 19. Bc2 Ne7 20. Qh5 Rg7 21. Rd2
b5 22. d4 exd4 23. Nxd4 Qe5 24. Qxe5 fxe5 25. Nf3 f6 26. Ke2 Rd6 27. a4 Nc8 28.
axb5 axb5 29. Rhd1 Nb6 30. b3 Rgd7 31. h5 c5 32. exd5 Nxd5 33. Ke1 Bb8 34. c4
bxc4 35. bxc4 Nb4 36. Bf5 Rxd2 37. Nxd2 Rd6 38. h6 Bc7 39. Ra1 Ra6 40. Rxa6
Nxa6 41. Ne4 Bd8 42. Bc8 Nb4 43. Nxc5 Be7 44. Ne4 Bf8 45. Kd2 Bxh6+ 46. Kc3 Nc6
47. c5 Ne7 48. Bd7 f5 49. Nd6 f4 50. g4 Bf8 51. Kc4 Kg7 52. Ne4 f3 53. c6 h5
54. gxh5 Kh6 55. c7 Kxh5 56. Nf6+ Kh4 57. Nd5 e4 58. Nxe7 e3 59. Nf5+ 1-0

[Event "Aeroflot Open 2011 B"]
[Site "Moscu RUS"]
[Date "2011.02.14"]
[Round "7.27"]
[White "Alavkin, Arseny"]
[Black "Ovetchkin, Roman"]
[Result "1/2-1/2"]
[WhiteElo "2393"]
[BlackElo "2498"]
[PlyCount "65"]
[EventDate "2011.02.08"]
[EventType "swiss"]
[EventRounds "9"]
[EventCountry "RUS"]
[Source "lmi"]
[SourceDate "2011.02.08"]

1. e4 g6 2. d4 Bg7 3. Nc3 a6 4. a4 d6 5. Bc4 e6 6. Nf3 b6 7. O-O Nd7 8. Re1 Bb7
9. Bf4 Ne7 10. Qd2 h6 11. h4 Nf6 12. Rad1 Ng4 13. Bg3 O-O 14. Qe2 Nf6 15. Bd3
Qc8 16. e5 Ne8 17. Bf4 d5 18. Qd2 h5 19. Ne2 c5 20. c3 Bc6 21. Ra1 Qd7 22. Bc2
a5 23. Bh6 Nc7 24. Qg5 Kh7 25. Bxg7 Kxg7 26. Qf6+ Kg8 27. Ng3 Nf5 28. Bxf5 exf5
29. Nxh5 gxh5 30. Qg5+ Kh7 31. Qxh5+ Kg7 32. Qg5+ Kh7 33. Qh5+ 1/2-1/2